000 00394nam a2200157Ia 4500
005 20240909113922.0
008 240806s9999||||xx |||||||||||||| ||eng||
041 _ahin
082 _a305.891411
_bSRIB
100 _aSrivastava, A.R.N.
245 0 _aBharateey samaj /
_cSrivastava, A.R.N.
260 _bK.K. Publications,
_aAllahabad:
300 _a216p.
650 _aSociology
942 _cBK
999 _c15147
_d15147